00440nam a2200181 a 450000100060000000300090000600800410001504000280005608200090008410000250009324500140011826000440013230000080017649000160018465000290020094200120022999900170024121844CO-ViMGA141112s2004 ck r 000 u spa d aCO-ViMGAbspacCO-ViMGA04aOSBj1 aOsborn, Steve93117010aJonnycake aCalifornia : bAddison - Wesley, c1992 a14p aStory chest14aCUENTOS INFANTILES92743 2ddccBK c30392d30392